Normal view
MARC view
- عبيد، مزهر جعفر
Entry Personal Name
001 - CONTROL NUMBER
- control field: 50707
003 - CONTROL NUMBER IDENTIFIER
- control field: JO-AjAnu
005 - DATE AND TIME OF LATEST TRANSACTION
- control field: 20230606082339.0
008 - FIXED-LENGTH DATA ELEMENTS
- fixed length control field: 230606|| aca||aabn | a|a d
040 ## - CATALOGING SOURCE
- Original cataloging agency: JO-AjAnu
- Transcribing agency: JO-AjAnu
100 ## - HEADING--PERSONAL NAME
- Personal name: عبيد، مزهر جعفر
670 ## - SOURCE DATA FOUND
- Source citation: Work cat.: (JO-AjAnu)25921: عبيد، مزهر جعفر , author, الوسيط في شرح قانون الإجراءات الجزائية العماني :المبادئ العامة في الإجراءات الجزائية ، الدعاوى الناشئة عن الجريمة ، الإجراءات السابقة على المحاكمة مدعما بأحكام المحكمة العليا